The Law Lexicon: (Record no. 213573)
[ view plain ]
| 000 -LEADER | |
|---|---|
| fixed length control field | 00711nam a22001937a 4500 |
| 005 - DATE AND TIME OF LATEST TRANSACTION | |
| control field | 20251006160130.0 |
| 010 ## - LCCN (DPL NO) | |
| LC control number | ENG-146954 |
| 020 ## - INTERNATIONAL STANDARD BOOK NUMBER | |
| International Standard Book Number | 9788197759093 |
| Terms of availability | 4495.00 |
| 035 ## - SYSTEM CONTROL NUMBER | |
| System control number | EN-130486 |
| 037 ## - SOURCE OF ACQUISITION | |
| Source of stock number/acquisition | DBAD |
| 082 ## - DEWEY DECIMAL CLASSIFICATION NUMBER | |
| Classification number | 340.03 |
| Edition number | 6 |
| 100 ## - MAIN ENTRY--PERSONAL NAME | |
| Personal name | Aiyar's, P Ramanatha |
| 245 ## - TITLE STATEMENT | |
| Title | The Law Lexicon: |
| Remainder of title | The Encyclopaedic Law Dictionary with lLgal Maxims, Latin Terms and Words & Phrases/ |
| Statement of responsibility, etc | by P Ramanatha Aiyar's |
| 250 ## - EDITION STATEMENT | |
| Edition statement | 6 |
| 260 ## - PUBLICATION, DISTRIBUTION, ETC. (IMPRINT) | |
| Place of publication, distribution, etc | Haryana |
| Name of publisher, distributor, etc | LexisNexis |
| Date of publication, distribution, etc | 2025 |
| 270 ## - ADDRESS | |
| Address | 14th Floor, Building No. 10, Tower-B, DLF Cyber City, Phase-II, Gurgaon |
| City | Haryana |
| Postal code | 122002 |
| Telephone number | +91-124-4774444 |
| Fax number | +91-1244774100 |
| 300 ## - PHYSICAL DESCRIPTION | |
| Extent | xlii, 2144p |
| Dimensions | 24cm.(Hb) |
| 942 ## - ADDED ENTRY ELEMENTS (KOHA) | |
| Source of classification or shelving scheme | Dewey Decimal Classification |
| Item type | English Books |
| Classification part | 340.03 |
| Call number suffix | AIY |
| Edition | 6 |
| Withdrawn status | Lost status | Not for loan | Collection code | Home library | Current library | Date acquired | Source of acquisition | Cost, normal purchase price | Full call number | Barcode | Copy number | Cost, replacement price | Koha item type |
|---|---|---|---|---|---|---|---|---|---|---|---|---|---|
| Not For Loan | Reference | D.B.Act.Division | D.B.Act.Division | 06/10/2025 | Delivery of Books Act Division | 4495.00 | 340.03 AIY | EN-130486 | 1 | 4495.00 | English Books |
